Notable People Named Arthur - Statistics

General Stats
  • This quiz has been taken 25 times
    20 since last reset
  • The average score is 7 of 16
Answer Stats
Hint Answer % Correct
A mythical English king whose wife was being lanced by one of his knights. King Arthur
95%
A soggy-footed US general from the Philippines. His FATHER's first name. Arthur MacArthur
85%
A 'Golden Girl'. Bea Arthur
85%
Created a London detective. Arthur Conan Doyle
80%
Tennis player. AIDS victim. Arthur Ashe
70%
Playwright. Was married to an airhead who tried to serenade a bullet-stopper, when she was smacked out on valium. Arthur Miller
65%
21st US President. Chester A. Arthur
55%
'Sound of Silence'. Played Nately in the Mike Nichols' adaptation of 'Catch 22'. Art Garfunkel
40%
Hitch-hiker and friend of Ford Prefect and the lovely Trillion. Arthur Dent
40%
'Harry and Tonto'. 1974. Art Carney
15%
Real name of George Orwell. Arthur Blair
15%
Crooked London businessman who had a none-too-bright bodyguard and dog's body/troubleshooter. Brit TV series. Arthur Daley
15%
This Brit prat gained world-wide fame when a Prussian field marshal pulled his chestnuts out of the fire in Belgium in 1815. Arthur Wellesley
15%
1981 film. Pint-sized, alcoholic millionaire. Rolls Royce Silver Wraith. Woeful movie. Arthur Bach
10%
Wrote a book about divine conveyances. Arthur C. Clarke
5%
Cretinous bully and stalker in the film 'The Eagle Has Landed'. He gets a back full of birdshot from his victim. Arthur Seymour
0%
No matching quizzes found
Score Distribution
Percent of People with Each Score
Percentile by Number Answered
Your Score History
You have not taken this quiz since the last reset